00702nam a2200217 a 450000100060000000300080000600500170001400800390003103500190007004000270008904100080011608200240012410000510014824501050019925000120030426000460031630000340036250400370039665000290043370000220046229787BD-RjUL20211209051447.0140407r19671966nyua b 001 0 eng a(BD-RjUL)29872 aDLCcDLCdBD-RjULbeng aeng00a519.5bGAS 19672231 aGarrett, Henry E.q(Henry Edward),d1894-1973.10aStatistics in psychology and education /c[by] Henry E. Garrett. With an introd. by R. S. Woodworth. a6th ed. aNew York :bMcKay,c1966 [reprinted 1967] axii, 491 p. :bill. ;c24 cm. aIncludes Bibliography and index. 0aStatistical Mathematics aWoodworth, R. S.